Servei de Salut Pública i Consum [Recurs electrònic] : Memòria 1999-2003 / Diputació de Barcelona. Xarxa de Municipis. Àrea de Salut Pública i Consum Memòria 1999-2003 / Diputació de Barcelona. Xarxa de Municipis. Àrea de Salut Pública i Consum
Descripción Física:
1 disc òptic (CD-ROM) ; 12 cm
MARC
| LEADER | 00000nam a2200000Ia 4500 | ||
|---|---|---|---|
| 001 | 18217 | ||
| 008 | 160829s2003 xx 000 0 cat d | ||
| 020 | |a B-22513-2003 | ||
| 080 | |a CD-1-62 | ||
| 110 | |a Barcelona (Catalunya : Província). |b Servei de Salut Pública i Consum |9 8151 | ||
| 245 | |a Servei de Salut Pública i Consum [Recurs electrònic] : |b Memòria 1999-2003 / Diputació de Barcelona. Xarxa de Municipis. Àrea de Salut Pública i Consum | ||
| 260 | |a Barcelona: |b Diputació , |c 2003 | ||
| 300 | |a 1 disc òptic (CD-ROM) ; |c 12 cm | ||
| 590 | |a Format PDF | ||
| 590 | |a Reriments mínims: Processador Pentium III, 400Mhz, 32 Mb RAM, W95, resolució 800 x 600, targeta so | ||
| 650 | |a Memòria |9 25809 | ||
| 650 | 0 | |a Salut pública |9 37111 | |
| 901 | |a Arxiu | ||
| 942 | |n 1 | ||
| 952 | |0 0 |1 0 |4 0 |6 CD162 |7 1 |9 49264 |a Arxiu |b Arxiu |d 2016-12-01 |l 0 |o CD-1-62 |p 18217 |r 2016-12-01 00:00:00 |w 2016-12-01 |y ARXIU | ||
| 999 | |c 53104 |d 53104 | ||